00338nam a2200109Ia 4500008004100000082000800041100001900049245004200068942000600110952009700116999001500213240331s9999 xx 000 0 und d bJAY aJayawardane, K 0aMoontram ulakil penniyamum thesiyamum cL 001040708LaWERCLbWERCLcSSCd2024-03-31l0o 322.4 JAYp1811r2024-03-31w2024-03-31yL c2375d2375